Statistics for Name almost all of the places in Saskatchewan

Click here to take the quiz!

General Stats

  • This quiz has been taken 215 times
    (211 since last reset)
  • The average score is 63 of 383

Answer Stats

Population (H-L)Village/City% Correct
337,000Saskatoon
86%
245,734Regina
82%
33,890Moose Jaw
77%
35,926Prince Albert
68%
31,410Lloydminster
64%
16,604Swift Current
64%
16,343Yorkton
64%
13,615Estevan
55%
5,869Humboldt
55%
13,888North Battleford
55%
2,451Rosetown
55%
11,020Warman
55%
4,465Battleford
50%
9,645Martensville
50%
10,870Weyburn
50%
2,161Biggar
45%
2,345Esterhazy
45%
4,597Kindersley
45%
5,344Meadow Lake
45%
4,401Nipawin
45%
1,038Delisle
41%
1,046Gull Lake
41%
863Leader
41%
1,415Macklin
41%
2,084Maple Creek
41%
4,562Melville
41%
1,237Osler
41%
1,301Wilkie
41%
973Carrot River
36%
195Climax
36%
1,025Davidson
36%
610Duck Lake
36%
449Eatonia
36%
496Elrose
36%
1,061Eston
36%
1,919Fort Qu'Appelle
36%
874Hague
36%
5,992Melfort
36%
2,279Outlook
36%
2,573Unity
36%
1,865Watrous
36%
3,099White City
36%
622Aberdeen
32%
1,765Balgonie
32%
1,826Dalmeny
32%
337Elbow
32%
282Kenaston
32%
970Kerrobert
32%
2,485Moosomin
32%
240Morse
32%
505Radisson
32%
1,688Rosthern
32%
540Rouleau
32%
460Star City
32%
3,180Tisdale
32%
73Uranium City
32%
639Asquith
27%
2,389Assiniboia
27%
92Cadillac
27%
359Choiceland
27%
410Clavet
27%
453Craik
27%
214Craven
27%
197Drake
27%
647Dundurn
27%
1,123Foam Lake
27%
1,099Grenfell
27%
856Herbert
27%
1,910Indian Head
27%
423Kyle
27%
2,688La Ronge
27%
288Loon Lake
27%
436Nokomis
27%
2,638Pilot Butte
27%
507Raymore
27%
916Spiritwood
27%
752Strasbourg
27%
1,306Wadena
27%
985Wakaw
27%
860Whitewood
27%
80Zealandia
27%
111Alsask
23%
657Arcola
23%
15Big Beaver
23%
287Borden
23%
574Bruno
23%
2,219Canora
23%
1,508Carlyle
23%
229Chaplin
23%
475Colonsay
23%
612Coronach
23%
207Dodsland
23%
246Earl Grey
23%
503Eastend
23%
176Francis
23%
407Hafford
23%
522Hanley
23%
193Harris
23%
562Hepburn
23%
622Ituna
23%
988Kelvington
23%
1,076Kipling
23%
735Lampman
23%
189Lang
23%
313Lemberg
23%
345Lipton
23%
113Loreburn
23%
566Luseland
23%
1,156Maidstone
23%
553Marshall
23%
130Maymont
23%
699Milestone
23%
403Ogema
23%
1,328Oxbow
23%
605Ponteix
23%
855Porcupine Plain
23%
1,062Preeceville
23%
860Radville
23%
296Rose Valley
23%
590Saint Brieux
23%
110Scott
23%
1,699Shaunavon
23%
778Southey
23%
525Springside
23%
525Turtleford
23%
864Wolseley
23%
1,732Wynyard
23%
129Abbey
18%
369Alameda
18%
644Allan
18%
337Bengough
18%
399Bethune
18%
780Bienfait
18%
611Broadview
18%
399Cabri
18%
1,126Carnduff
18%
90Chamberlain
18%
770Cudworth
18%
579Cupar
18%
573Cut Knife
18%
289Dinsmore
18%
70Drinkwater
18%
83Fleming
18%
249Fox Valley
18%
372Frontier
18%
172Hodgeville
18%
1,504Hudson Bay
18%
360Imperial
18%
1,898Kamsack
18%
111Kincaid
18%
153Kisbey
18%
284Lake Lenore
18%
1,496Langham
18%
1,233Lanigan
18%
967Lashburn
18%
399Leask
18%
289Lucky Lake
18%
401McLean
18%
562Midale
18%
167Milden
18%
690Naicam
18%
164Plenty
18%
975Redvers
18%
716Saint Walburg
18%
1,443Shellbrook
18%
182Smeaton
18%
694Stoughton
18%
377Vanscoy
18%
1,035Waldheim
18%
478Yellow Grass
18%
120Alida
14%
398Avonlea
14%
85Belle Plaine
14%
639Big River
14%
1,064Birch Hills
14%
60Bladworth
14%
499Blaine Lake
14%
25Bracken
14%
372Bredenbury
14%
66Cando
14%
994Caronport
14%
111Ceylon
14%
743Churchbridge
14%
148Cochin
14%
88Denholm
14%
135Eyebrow
14%
65Fiske
14%
387Glaslyn
14%
216Govan
14%
273Invermay
14%
96Jansen
14%
217Kelliher
14%
214Kennedy
14%
743Kinistino
14%
2,827La Loche
14%
152Landis
14%
95Lestock
14%
67Major
14%
312Manor
14%
158Marcelin
14%
114McTaggart
14%
179Meath Park
14%
297Meota
14%
60Minton
14%
485Norquay
14%
113Rabbit Lake
14%
20Robsart
14%
869Rocanville
14%
697Watson
14%
543Wawota
14%
322Wilcox
14%
286Willow Bunch
14%
20Admiral
9%
50Aneroid
9%
326Arborfield
9%
140Arran
9%
42Aylesbury
9%
617Balcarres
9%
61Beatty
9%
243Beechy
9%
159Briercrest
9%
142Brock
9%
85Broderick
9%
113Bulyea
9%
20Candiac
9%
10Claydon
9%
198Codette
9%
305Coleville
9%
84Consul
9%
113Creelman
9%
218Dysart
9%
185Ebenezer
9%
480Edam
9%
40Fairlight
9%
311Fillmore
9%
160Frobisher
9%
154Glen Ewen
9%
211Grayson
9%
1Hattan
9%
70Hazenmore
9%
247Holdfast
9%
35Hubbard
9%
70Hyas
9%
3Kelfield
9%
83Kendal
9%
267Laird
9%
69Lancer
9%
1,165Langenburg
9%
375Leoville
9%
46Leross
9%
78Liberty
9%
150Lintlaw
9%
2Loomis
9%
80Macnutt
9%
96Makwa
9%
58Markinch
9%
234Marsden
9%
30Mayfair
9%
99Meacham
9%
228Mervin
9%
73Mistatim
9%
490Montmartre
9%
3Mullingar
9%
201Odessa
9%
4Orkney
9%
334Perdue
9%
50Piapot
9%
213Punnichy
9%
175Shell Lake
9%
10Shipman
9%
119Sintaluta
9%
168Spy Hill
9%
187Vanguard
9%
385Vibank
9%
354Wapella
9%
144Wymark
9%
204Abernethy
5%
45Birsay
5%
201Bjorkdale
5%
218Buchanan
5%
240Carievale
5%
337Debden
5%
143Denzil
5%
127Dorintosh
5%
90Elfros
5%
65Endeavour
5%
285Englefeld
5%
129Flaxcombe
5%
45Fosston
5%
136Gerald
5%
41Gladmar
5%
76Glenside
5%
40Glidden
5%
30Golden Prarie
5%
40Goodeve
5%
282Goodsoil
5%
67Gronlid
5%
119Halbrite
5%
15Khedive
5%
77Killaly
5%
246Macoun
5%
10Madison
5%
314Manitou Beach
5%
242Middle Lake
5%
379Neilsburg
5%
263Neudorf
5%
255Pangman
5%
148Paynton
5%
449Pierceland
5%
126Prelate
5%
52Primate
5%
387Quill Lake
5%
130Riverhurst
5%
149Roche Percee
5%
35Salvador
5%
99Sceptre
5%
337Sedley
5%
50Smiley
5%
91Stewart Valley
5%
352Stockholm
5%
14Stranraer
5%
45Success
5%
255Torquay
5%
30Viceroy
5%
1Vidora
5%
364White Fox
5%
322Wroxton
5%
57Yarbo
5%
194Zenon Park
5%
756Beauval
0%
472Benson
0%
112Bird's Point
0%
150Cole Bay
0%
128Delmas
0%
61Dubac
0%
91Elstow
0%
418Green Lake
0%
88Guernsey
0%
25Handel
0%
30Herschel
0%
112Katepwa Beach
0%
50Kuroki
0%
5Laporte
0%
5Mantario
0%
77Mistusinne
0%
129Parkside
0%
287Pelly
0%
130Pennant
0%
74Pilger
0%
76Pleasantdale
0%
60Plunkett
0%
167Prud'Homme
0%
80Rama
0%
170Rhein
0%
55Ridgedale
0%
57Rosenhof
0%
20Ruddell
0%
98Saint Gregor
0%
415Saint Louis
0%
105Sheho
0%
127Simpson
0%
25Sovereign
0%
244Spalding
0%
74Speers
0%
1,500Stanley Mission
0%
84St. Benedict
0%
91Stenen
0%
108Storthoaks
0%
40Strongfield
0%
118Sun Valley
0%
15Swan Plain
0%
91Tantallon
0%
339Theodore
0%
86Togo
0%
152Tompkins
0%
60Tramping Lake
0%
297Waldeck
0%
44Webb
0%
205Weldon
0%
13White Bear
0%
211Windthorst
0%
96Wiseton
0%
244Young
0%

Score Distribution

Percentile by Number Answered

Percent of People with Each Score

Your Score History

You have not taken this quiz since the last reset